| 000 | 00534nam a2200193Ia 4500 | ||
|---|---|---|---|
| 008 | 220531s9999 xx 000 0 und d | ||
| 041 | _aeng | ||
| 082 | _bVER | ||
| 100 |
_aVerma, A. K. _969767 |
||
| 245 | _aTime In English Love Poetry: (with Special Reference To The Poetry Of Shakespeare And Donne) | ||
| 250 | _a1ST | ||
| 260 |
_aNew Delhi _bSarup _c2014 |
||
| 300 | _a142 | ||
| 542 | _d10-04-2015 | ||
| 551 |
_aEnglish _bNon-grant-ENG |
||
| 650 |
_aEnglish _969768 |
||
| 906 |
_d2015-2016 _f7313 |
||
| 999 |
_c39115 _d39115 |
||